[Event "Modbury Championship"]
[Site "Modbury"]
[Date "2007.08.03"]
[Round "9.3"]
[White "Staak, Eric"]
[Black "Hill, Victor"]
[Result "1-0"]
[Annotator "Fritz 10"]
[BlackElo "1216"]
[EventCountry "AUS"]
[EventDate "2007.06.02"]
[EventRounds "9"]
[EventType "swiss"]
[PlyCount "49"]
[WhiteElo "1461"]

{ B10: Caro-Kann: 2 d3 and 2 c4 } 1. e4 c6 2. Nf3 e6 ( 2... g6 3. Nc3 d6 4. Bc4
Bg7 5. Ng5 Nh6 6. a4 d5 7. Ba2 e5 8. d3 f6 9. Nf3 d4 10. Ne2 c5 11. c3 a5 12.
Qb3 Qe7 13. Bxh6 Bxh6 14. O-O Nc6 15. Ne1 Nd8 16. f4 Be6 17. Qb5+ { Kajtazi,D 
( 2120 ) -Ivekovic,M  ( 2326 ) /Velika Gorica 2005/CBM 108 ext/1-0  ( 86 )}  )(
2... d6 3. Bc4 d5 4. Bb3 Bg4 5. O-O e6 6. e5 c5 7. c3 Nc6 8. Ba4 a6 9. Bxc6+
bxc6 10. d4 { 1/2-1/2 Sapienza,J  ( 2156 ) -Montes de Oca,J  ( 2121 ) /Pinamar
2006/CBM 111 ext}  )3. d3 $146 ( 3. c4 d5 4. e5 Ne7 5. d4 Ng6 6. Nc3 Nd7 7. Bd3
Be7 8. O-O O-O 9. Be3 Nb6 10. b3 Bd7 11. Qe2 Be8 12. Rac1 Rc8 13. c5 Nd7 14. b4
f5 15. Qd2 f4 16. Bxg6 fxe3 17. Bxh7+ Kxh7 { Castaneda,E-Garcia Abrante,J  (
2210 ) /Los Llanos de Aridane 2001/CBM 080 ext/0-1  ( 33 )}  )3... d5 4. Nbd2
Bd6 ( 4... Nd7 5. e5 $14 )5. e5 { White threatens to win material: e5xd6}  5...
Bc7 6. g3 ( 6. d4 $5 $16)6... Ne7 $11 7. c3 Ng6 8. d4 Nd7 9. b4 ( 9. h4 $5 $11
{ should not be overlooked} )9... O-O ( 9... f6 10. h4 fxe5 11. h5 $17 )10. a4
$2 ( 10. h4 $5 $15 $142 { and White can hope to live} )10... f6 $19 11. Bd3 (
11. exf6 $142 Qxf6 12. Bg2 $19 )11... f5 $4 { spoils everything}  ( 11... fxe5
$142 { and Black can look forward to a comfortable game}  12. Bxg6 hxg6 $19
)12. Nb3 { Black's piece can't move: c8}  ( 12. O-O b6 $16 )12... Qe8 ( 12...
Ngxe5 13. Nxe5 Nxe5 14. dxe5 Bxe5 15. Qc2 $16 )13. Ng5 ( 13. a5 $16 $142)13...
f4 $4 ( 13... Ndxe5 $5 $142 { and Black can hope to survive}  14. dxe5 Nxe5 $14
)14. Qc2 ( 14. Qh5 $142 { secures victory}  14... h6 15. Bxg6 Qe7 16. gxf4 a5
17. Bh7+ Kh8 $18 )14... fxg3 $2 ( 14... Ndxe5 $142 15. dxe5 Bxe5 16. Bxf4 Bxf4
17. Bxg6 hxg6 18. gxf4 e5 $16 )15. hxg3 Rxf2 ( 15... Rf5 { there is nothing
better in the position}  16. Kf1 b6 $18 )16. Qxf2 ( 16. Kxf2 a5 17. Kg2 axb4
18. cxb4 Ndxe5 19. dxe5 $18 )16... Qf8 ( 16... h6 { is not much help}  17. Nf3
Ngxe5 18. Nxe5 Nxe5 19. dxe5 Bxe5 20. Bd2 $18 )17. Qxf8+ ( 17. Qh2 $142 {
secures the win}  17... h6 18. Bxg6 Bxe5 19. Bf7+ Kh8 20. dxe5 Nxe5 21. O-O $18
)17... Ndxf8 18. Bxg6 hxg6 ( 18... Nxg6 { what else?}  19. Rxh7 b6 $18 )19. Be3
( 19. Ra2 Nd7 20. Rah2 Kf8 21. O-O+ Kg8 22. Nc5 Nf6 23. exf6 gxf6 24. Rxf6 Bd6
25. Rxg6+ Kf8 26. Rf2+ Ke8 27. Rg8+ Bf8 28. Rf7 e5 29. Rgxf8# )19... Bd8 (
19... Nd7 { hardly improves anything}  20. Bf4 Bd8 21. Ra2 Bxg5 22. Bxg5 $18
)20. Ra2 Bxg5 21. Bxg5 Bd7 22. Rah2 b6 ( 22... Kf7 { cannot change what is in
store for ?}  23. Nc5 Rb8 24. Rh8 Nh7 25. R8xh7 Rd8 26. Nxb7 Bc8 27. Nxd8+ Ke8
28. Rxg7 Kf8 29. Rh8+ Kxg7 30. Bf6# )23. Rh8+ Kf7 24. Rf1+ Ke8 25. Rhxf8# ( 25.
Rfxf8#) 1-0

[Event "Modbury Championship"]
[Site "Modbury"]
[Date "2007.08.03"]
[Round "9.4"]
[White "Anderson-Smith, William"]
[Black "De Jong, George"]
[Result "1-0"]
[Annotator "Fritz 10"]
[BlackElo "1261"]
[EventCountry "AUS"]
[EventDate "2007.06.02"]
[EventRounds "9"]
[EventType "swiss"]
[PlyCount "73"]
[WhiteElo "1629"]

{ E94: King's Indian: Classical: 6 Be2 e5 7 0-0: Various Black 7th moves } 1. d4
Nf6 2. c4 g6 3. Nc3 d6 4. e4 Bg7 5. Nf3 O-O 6. Be2 Nbd7 7. O-O e5 8. d5 Nc5 9.
Qc2 a6 { Black has a cramped position}  ( 9... Ne8 10. b4 Na6 11. a3 f5 12. Bd3
f4 13. c5 Bg4 14. c6 Qc8 15. cxb7 Qxb7 16. Be2 Bxf3 17. Bxf3 Qc8 18. Be2 Nb8
19. Bd2 g5 20. f3 h5 21. Be1 g4 22. Bf2 Rf6 23. Rfc1 Rg6 24. Nb5 { Jannes,A  (
1660 ) -Mueller,A  ( 1455 ) /Berlin 2005/CBM 110 ext/1-0}  )10. b4 $146 { White
threatens to win material: b4xc5}  ( 10. Ne1 Nfd7 11. Nd3 f5 12. exf5 gxf5 13.
Nxc5 Nxc5 14. f4 e4 15. Be3 Bd7 16. Rad1 Kh8 17. Qd2 Qe8 18. Bd4 h5 19. Qe3
Bxd4 20. Qxd4+ Kh7 21. Qf2 Qg6 22. Qh4 Kh6 23. Kh1 Rg8 24. Rg1 { 1/2-1/2
Hicker,H  ( 2111 ) -Praznik,N  ( 2277 ) /Faaker See 2003/CBM 095 ext}  )10...
Ncd7 11. h3 { Controls g4}  ( 11. Be3 Nh5 $14 )11... b6 ( 11... a5 $5 { is
worthy of consideration}  12. b5 Nc5 $11 )12. Bg5 $16 { Black has a cramped
position}  12... h6 { Black threatens to win material: h6xg5}  13. Be3 { Black
has a cramped position}  13... Bb7 ( 13... Nh5 14. Rfc1 $14 )14. Rab1 a5 15. a3
Nh7 ( 15... Qe7 16. Nd2 $16 )16. c5 $1 { White gets the advantage}  16... dxc5
( 16... bxc5 17. bxc5 { Combination}  )( 16... dxc5 17. bxc5 { Combination} 
)17. bxc5 $18 Ba6 $6 { instead of fighting back}  ( 17... Bc8 18. cxb6 cxb6 19.
Bb5 $18 )18. c6 ( 18. Bxa6 { keeps an even firmer grip}  18... Rxa6 19. c6 Nc5
20. Bxc5 bxc5 $18 )18... Nc5 ( 18... Bxe2 19. Qxe2 Ndf6 20. Qd2 $18 )19. Bxc5
bxc5 ( 19... Bxe2 20. Qxe2 bxc5 21. Qe3 $18 )20. Bxa6 Rxa6 21. Na4 ( 21. Rb7 {
seems even better}  21... Nf6 $18 )21... Qd6 ( 21... Ra8 22. Nxc5 Re8 23. a4
$18 )22. Nxc5 Ra7 ( 22... Raa8 { does not solve anything}  23. Rb7 $18 )23. a4
( 23. Rb7 { might be the shorter path}  23... Rfa8 $18 )23... f5 ( 23... Raa8 {
doesn't change anything anymore}  24. Rb7 Nf6 25. Rfb1 $18 )24. Nd7 ( 24. Ne6
$142 { makes it even easier for White}  24... fxe4 25. Qxe4 Raa8 26. Nxf8 Rxf8
$18 )24... Rf7 ( 24... Re8 $18 { the only chance to get some counterplay} )25.
Rb8+ Nf8 26. Rfb1 fxe4 27. Qxe4 Rf4 ( 27... Kh7 { a fruitless try to alter the
course of the game}  28. Nfxe5 Rf5 29. Nc4 $18 )28. Qe3 Ra6 ( 28... e4 {
doesn't improve anything}  29. Nd4 Bxd4 30. Qxd4 $18 )29. Nfxe5 g5 30. Qd3 (
30. Nxf8 $142 { keeps an even firmer grip}  30... Bxf8 31. g3 $18 )30... Kh8 (
30... Bxe5 { is the last straw}  31. Qxa6 Qxd5 $18 )31. Ng6+ Kg8 32. Nxf4 Qxf4
33. Qxa6 ( 33. Rxf8+ Qxf8 34. Nxf8 Ra8 35. Ne6 Kh8 36. Qg6 Bf8 37. Qf7 h5 38.
Nxf8 Rxf8 39. Qxf8+ Kh7 40. Rb7 Kg6 41. Rxc7 g4 42. Rg7+ Kh6 43. Qf6# )33...
Qf5 34. Nxf8 Bxf8 35. Qc8 Qxc8 36. Rxc8 Kh7 ( 36... Kf7 { cannot undo what has
already been done}  37. Rxc7+ Kf6 38. Rd7 Bc5 39. c7 Ke5 40. c8=Q Ba3 41. Qe8+
Kd4 42. Qe3+ Kc4 43. Rc7+ Kxd5 44. Rd1# )37. Rxf8 ( 37. Rxf8 Kg7 38. d6 Kxf8
39. dxc7 Ke7 40. c8=Q g4 41. Qd7+ Kf6 42. Qd6+ Kf5 43. Rb5+ Ke4 44. Re5+ Kf4
45. Qf6# ) 1-0

[Event "Modbury Championship"]
[Site "Modbury"]
[Date "2007.08.03"]
[Round "9.6"]
[White "McPherson, Erick"]
[Black "Wynne, David"]
[Result "0-1"]
[Annotator "Fritz 10"]
[BlackElo "1444"]
[EventCountry "AUS"]
[EventDate "2007.06.02"]
[EventRounds "9"]
[EventType "swiss"]
[PlyCount "86"]
[WhiteElo "1397"]

{ C66: Ruy Lopez: Steinitz Defence } 1. e4 e5 2. Nf3 Nc6 3. Bb5 Nf6 4. O-O d6 5.
Re1 Be7 6. c3 O-O 7. d4 Bg4 ( 7... exd4 8. cxd4 Bg4 9. Bxc6 bxc6 10. Nbd2 Nd7
11. h3 Bxf3 12. Nxf3 c5 13. Be3 cxd4 14. Nxd4 Bf6 15. Qc2 Qb8 16. Rac1 c5 17.
Nf5 a5 18. b3 Re8 19. Rcd1 Re6 20. Bf4 Be5 21. Bxe5 Nxe5 22. Qc3 { Kalod,R  (
2512 ) -Horak,J  ( 2226 ) /Havlickuv Brod 2006/CBM 114 ext/1-0  ( 42 )}  )8. d5
Nb8 9. h3 { White threatens to win material: h3xg4}  9... Bh5 $146 { Black has
a cramped position}  ( 9... Bd7 10. Bc4 c6 11. Bg5 b5 12. Bb3 Na6 13. Nbd2 Nc5
14. Rc1 Nd3 15. Nf1 Nxe1 16. Qxe1 cxd5 17. exd5 a5 18. Rd1 Bf5 19. Rd2 a4 20.
Bd1 Ne4 21. Bxe7 Qxe7 22. Re2 Nc5 23. Ng3 Bd3 24. Rd2 {
Schneider,J-Klein,A/Wolfstein 1994/GER/0-1}  )10. Bc4 Nbd7 11. Nbd2 Nc5 ( 11...
c6 12. dxc6 bxc6 13. g4 $15 )12. b4 $11 { White threatens to win material:
b4xc5}  12... Ncd7 13. Nf1 c6 14. dxc6 bxc6 15. Ng3 { Black has a cramped
position}  15... Bg6 16. Nh4 Bxe4 17. Bd3 ( 17. Nxe4 $142 { would keep White
alive}  17... Nxe4 18. Rxe4 $11 )17... Bxd3 $17 18. Qxd3 d5 19. Ngf5 ( 19. Nhf5
Re8 $17 )19... Re8 ( 19... Ne4 20. Nf3 $19 )20. Bg5 ( 20. Nxe7+ Qxe7 21. Nf5
Qe6 $17 )20... e4 21. Qd2 ( 21. Qg3 Nh5 22. Nxe7+ Qxe7 23. Bxe7 Nxg3 $17 )21...
Ne5 ( 21... Bf8 $19 $142)22. Ne3 $2 ( 22. Nxe7+ $142 Qxe7 23. Nf5 $17 )22...
Nd3 ( 22... g6 { seems even better}  23. Red1 $19 )23. Nef5 ( 23. Rf1 Nh5 24.
Bxe7 Qxe7 $19 )23... Nxe1 24. Nxg7 ( 24. Rxe1 { the last chance for
counterplay}  24... Bf8 25. Nd4 $19 )24... Kxg7 25. Nf5+ Kh8 26. Nh6 ( 26. Rxe1
{ doesn't do any good}  26... Rg8 $19 )26... Rf8 27. Rxe1 Ng8 28. Qd4+ Bf6 29.
Bxf6+ Qxf6 30. Qxf6+ ( 30. Nf5 { a fruitless try to alter the course of the
game}  30... Rfe8 $19 )30... Nxf6 31. Re3 ( 31. Nf5 { does not help much} 
31... a5 $19 )31... Nh5 ( 31... a5 { keeps an even firmer grip}  32. a3 Nd7 33.
Nf5 $19 )32. f3 ( 32. Nf5 { is not much help}  32... Nf4 $19 )32... f5 33. g4 (
33. fxe4 { does not win a prize}  33... fxe4 34. Ng4 a5 $19 )33... fxg4 ( 33...
f4 { makes it even easier for Black}  34. Re1 Ng3 35. a4 $19 )34. fxg4 ( 34.
hxg4 { does not help much}  34... Ng3 35. f4 Kg7 $19 )34... Nf4 35. Nf5 ( 35.
a3 { doesn't change the outcome of the game}  35... a5 36. bxa5 Rxa5 $19 )35...
h5 ( 35... a5 $142 { and Black takes home the point}  36. b5 cxb5 37. a3 $19
)36. Kh2 hxg4 37. hxg4 Rf7 38. Kg3 Nd3 39. Re2 Raf8 40. Rh2+ ( 40. Rd2 { cannot
change destiny}  40... Ne5 41. Rh2+ Rh7 $19 )40... Kg8 ( 40... Rh7 $142 { and
Black can already relax}  41. Rxh7+ Kxh7 42. Kg2 $19 )41. Nh6+ ( 41. Rh6 Ne5
42. Re6 Nxg4 43. Ne7+ Kh7 44. Kxg4 Re8 $19 )41... Kg7 42. Nf5+ ( 42. Nxf7 {
does not save the day}  42... Rxf7 43. Rd2 Rf3+ 44. Kh2 Nf4 $19 )42... Rxf5 43.
gxf5 Rxf5 ( 43... Rxf5 44. Rg2 Kf6 $19 ) 0-1